000 00251nam a22001217a 4500
008 190129b xxu||||| |||| 00| 0 eng d
041 _aeng
080 _a540
100 _a12
101 _aKIM
245 _aChemistry
_cChoppin,G.R
942 _2udc
_cBK
999 _c53829
_d53829